00958nam a2200301Ia 4500001000900000003000500009005001700014008004100031010001100072020001800083040000900101082002000110100002200130245008500152250001100237260003200248300001100280500008400291503005600375504003100431650003400462650002300496650002400519650003100543650002700574650002500601700003000626dia_1455CHAP20240305114952.0220117s1985 xx 000 0 und d a171995 a968-18-1788-5 cCHAP a658.15 T39 1985 aTaylor, George A. aIngeniería económica /c George Taylor A. ; tradución Alfredo Díaz Mata a2a ed. aMéxico :b Limusa,c1985 a640 p. aTítulo original: Managerial and engineering economy: economic decision-making aI.142712 (ej.1) \ I.142713 (ej.2) \ I.142711 (ej.3) aBibliografía: p. 585-588 aAdministración financiera  aDecisionxmaking  aEngineering economy aIngeniería económica  aManagerial economics  aToma de decisiones  aDíaz Mata, Alfredo, tr.